Darts Players By Image - Netherlands - Statistics

General Stats
  • This quiz has been taken 41 times
  • The average score is 9 of 10
Answer Stats
Picture Answer % Correct
Danny Noppert
97%
Jermaine Wattimena
94%
Michael van Gerwen
94%
Raymond van Barneveld
94%
Dirk van Duijvenbode
92%
Gian van Veen
89%
Niels Zonneveld
81%
Richard Veenstra
81%
Jeffrey de Zwaan
78%
Kevin Doets
78%
No matching quizzes found
Score Distribution
Percent of People with Each Score
Percentile by Number Answered
Your Score History
You have not taken this quiz